Discrete Mathematics For Computer Scientists & Mathematicians (Record no. 8649)

MARC details
000 -LEADER
fixed length control field 00481nam a2200181Ia 4500
008 - FIXED-LENGTH DATA ELEMENTS--GENERAL INFORMATION
fixed length control field 230524s9999 xx 000 0 und d
020 ## - INTERNATIONAL STANDARD BOOK NUMBER
ISBN 8120315022
082 ## - DEWEY DECIMAL CLASSIFICATION NUMBER
Classification number 515.132
Item number MOT
100 ## - MAIN ENTRY--AUTHOR NAME
Personal name Joe L.Mott
245 #0 - TITLE STATEMENT
Title Discrete Mathematics For Computer Scientists & Mathematicians
250 ## - EDITION STATEMENT
Edition statement 2ND
260 ## - PUBLICATION, DISTRIBUTION, ETC. (IMPRINT)
Place of publication NEW DELHI
Name of publisher PHI
Year of publication 2001
300 ## - PHYSICAL DESCRIPTION
Number of Pages 751
500 ## - GENERAL NOTE
General note Quantity Number: 8
650 ## - SUBJECT ADDED ENTRY--TOPICAL TERM
Topical Term Mathematics
700 ## - ADDED ENTRY--PERSONAL NAME
Personal name " Abrahamkandel,Theodione P.Baker,,,"
942 ## - ADDED ENTRY ELEMENTS (KOHA)
Koha item type Books
Holdings
Lost status Damaged status Permanent Location Current Location Shelving location Date acquired Full call number Accession Number Koha item type
    Central Library, Trident Academy of Technology Central Library, Trident Academy of Technology General Stacks 05/24/2023 515.132 MOT 4220 Books
    Central Library, Trident Academy of Technology Central Library, Trident Academy of Technology General Stacks 05/24/2023 515.132 MOT 5322 Books
    Central Library, Trident Academy of Technology Central Library, Trident Academy of Technology General Stacks 05/24/2023 515.132 MOT 5323 Books
    Central Library, Trident Academy of Technology Central Library, Trident Academy of Technology General Stacks 05/24/2023 515.132 MOT 7385 Books
    Central Library, Trident Academy of Technology Central Library, Trident Academy of Technology General Stacks 05/24/2023 515.132 MOT 7386 Books
    Central Library, Trident Academy of Technology Central Library, Trident Academy of Technology General Stacks 05/24/2023 515.132 MOT 7387 Books
    Central Library, Trident Academy of Technology Central Library, Trident Academy of Technology General Stacks 05/24/2023 515.132 MOT 7388 Books
    Central Library, Trident Academy of Technology Central Library, Trident Academy of Technology General Stacks 05/24/2023 515.132 MOT 7389 Books
Trident Academy of Technology © 2023.
All rights reserved.                                                                                                                                                                                                        Designed by Team of Central Library .

Powered by Koha